000 00397nam a2200157Ia 4500
008 221030s9999 xx 000 0 und d
020 _a8180140059
041 _aEnglish
100 _aG. Singh
245 0 _aBuilding Planning Designing & Scheduling
_cby G. Singh, J. Singh
260 _bStandard Pub.
_aNew Delhi
_c2015
300 _a388
650 _aCivil
700 _aJ. Singh
942 _cBK
999 _c18215
_d18215